Účinná propagácia O prínose a význame Agrokomplexu 78

Bibliographic Details
Main Author: Orlíková, Hana (Author)
Format: Article
Language:Slovak
Subjects:

MARC

LEADER 00000nab a2200000 a 4500
001 vtls000007234
003 SK-MaSNL
005 20260303020925.0
008 111103c1978 xo 0 slo
015 |a SNBRB19rr/mm-uuuuu 
035 |a CL0017327 
040 |a SNKBUCL  |b slo  |c SNKBUCL  |e AACR2 
041 0 |a slo 
044 |a xo  |c SK 
080 |a 63  |2 1981 
100 1 |a Orlíková, Hana  |4 aut  |9 204836 
245 1 0 |a Účinná propagácia  |b O prínose a význame Agrokomplexu 78  |c Hana Orlíková 
650 0 7 |a Agrokomplex 78  |2 snkbucl  |9 1001336 
650 0 7 |a výstavy poľnohospodárske  |2 snkbucl  |9 885325 
651 7 |a 5206  |2 snkbucl  |9 283253 
655 7 |a články z novín a časopisov  |2 snkbucl  |9 267496 
773 0 |t Roľnícke noviny  |g Roč. 33, č. 210 (6. 9. 1978), s. 1-2 
850 |a Slovenská národná knižnica v Martine  |a MTA001 
852 |a SNK  |b KIS3GCP 
958 |a RK 
992 |a RBX 
999 |c 1620521  |d 1622451